Český Honza /

Hlavní autor: Křepelková, Maria, 1954-
Další autoři: Eben, Marek, 1957-
Jazyk: Čeština
Vydáno: Praha : Divadelní a literární agentura, 1993
Vydání: 1. vyd.
Fyzický popis: 31 s. : noty
Knihy
Uloženo v:
LEADER 00926nam a2200253 a 4500
001 000001936
003 CZ BrMZK
005 20210202073827.0
008 940204s1993 xr f cze d
015 |a cnb000081041 
020 |a 80-203-0317-0  |c 50.00 
040 |a BOA001  |b cze 
080 |a 885.0-252  |2 MRF 
100 1 |a Křepelková, Maria,  |d 1954-  |7 ola200208432  |4 aut 
245 1 0 |a Český Honza /  |c Maria Křepelková ; text písní a hudbu napsal Marek Eben 
250 |a 1. vyd. 
260 |a Praha :  |b Divadelní a literární agentura,  |c 1993 
300 |a 31 s. :  |b noty 
700 1 |a Eben, Marek,  |d 1957-  |7 jn19981000940  |4 aut 
910 |a BOA001  |b X2-0996.099  |b PK-N-0030.874 
962 |a 885.0-2 
990 |a BK 
996 7 |b 2610005237  |c X2-0996.099  |l MZK  |r Sklad / do 24 hodin  |n 7  |p kup  |w 000001936  |u 000010  |a 1  |e BOA001  |j MZK50  |s A 
996 6 |b BC-678343  |c PK-N-0030.874  |l MZK  |r Sklad / do 1 hodiny  |n 0  |w 000001936  |u 000020  |a 1  |e BOA001  |j MZK50  |s P